Předsudky k asijským podnikatelům - odstraní je podnikatelské prototypy?

Sociálna disharmónia v medzinárodnom podnikaní, ktorá sa formuje inak v domácom prostredí a inak v hostiteľskej krajine. Medzinárodný projekt EWORLD (Entrepreneurship Work in Organizations Requiring Leadership Development) je zameraný na identifikáciu typických charakteristík jednania či predsudkov...

Ausführliche Beschreibung

Gespeichert in:
Bibliographische Detailangaben
1. Verfasser: Šebestová, Jarmila
Format: Buchkapitel
Sprache:Tschechisch
Schlagworte:
Tags: Tag hinzufügen
Keine Tags, Fügen Sie das erste Tag hinzu!

MARC

LEADER 00000nla$a2200000$$$4500
001 0150181
005 20221107085854.7
041 0 |a cze 
044 |a CZ 
245 1 0 |a Předsudky k asijským podnikatelům - odstraní je podnikatelské prototypy?  |c Jarmila Šebestová 
520 |a Sociálna disharmónia v medzinárodnom podnikaní, ktorá sa formuje inak v domácom prostredí a inak v hostiteľskej krajine. Medzinárodný projekt EWORLD (Entrepreneurship Work in Organizations Requiring Leadership Development) je zameraný na identifikáciu typických charakteristík jednania či predsudkov v kontexte medzinárodného podnikania v rámci globalizovaného sveta obchodu. 
610 2 0 |a podnikanie medzinárodné 
610 2 0 |a komunikácia manažérska 
610 2 0 |a komunikácia multikultúrna 
610 2 0 |a štýl životný 
610 2 0 |a tolerancia 
610 2 0 |a hodnota 
610 2 0 |a spolupráca kultúrna 
610 2 0 |a globalizácia 
100 1 |a Šebestová, Jarmila